Možnosti optimalizácie základu dane z príjmov právnických osôb bakalárska práca
Uložené v:
| Hlavný autor: | |
|---|---|
| Korporativný autor: | |
| Ďalší autori: | |
| Médium: | Kniha |
| Jazyk: | Slovak |
| Vydavateľské údaje: |
Košice
2014
|
| Tagy: |
Žiadne tagy, Buďte prvý, kto otaguje tento záznam!
|
MARC
| LEADER | 00000nbm a2200000 4500 | ||
|---|---|---|---|
| 001 | 0189112 | ||
| 005 | 20170201084929.1 | ||
| 041 | 0 | |a slo | |
| 044 | |a SK | ||
| 245 | 1 | 0 | |a Možnosti optimalizácie základu dane z príjmov právnických osôb |b bakalárska práca |c Lucia Kavalcová ; školiteľ: Jana Simonidesová |
| 264 | 1 | |a Košice |c 2014 | |
| 300 | |a 50 s. | ||
| 100 | 1 | |a Kavalcová, Lucia | |
| 700 | 1 | |a Simonidesová, Jana, 1968- | |
| 710 | 2 | |a Podnikovohospodárska fakulta EU so sídlom v Košiciach. Katedra účtovníctva a financií | |